La exploración del carácter del niño: principios y métodos

সংরক্ষণ করুন:
গ্রন্থ-পঞ্জীর বিবরন
প্রধান লেখক: Boesch, Ernest
বিন্যাস: গ্রন্থ
ভাষা:স্প্যানিশ
প্রকাশিত: Buenos Aires, Argentina Nova 1959
মালা:Biblioteca Nova de Educación
বিষয়গুলি:
ট্যাগগুলো: ট্যাগ যুক্ত করুন
কোনো ট্যাগ নেই, প্রথমজন হিসাবে ট্যাগ করুন!

MARC

LEADER 00000nam a2200000 a 4500
001 UCW6883
003 CL-VaPUC
005 20210402001619.0
008 920630e19590000AG |||||||||||||||||spa|d
999 |c 219792  |d 219790 
040 |c Pontificia Universidad Católica de Valparaíso 
082 0 4 |a 155.41 BOE 1959  |2 21 
100 0 |a Boesch, Ernest  |9 311963 
245 1 3 |a La exploración del carácter del niño: principios y métodos 
260 0 3 |a Buenos Aires, Argentina  |b Nova  |c 1959 
300 |a 125 páginas 
490 0 |a Biblioteca Nova de Educación 
583 |a last modification  |c 20130106 11:16:28  |k Rodrigo Vera 
650 0 |a Psicología del niño  |9 307305 
650 7 |a CARACTER  |2 CL-VaPUC  |9 308186 
650 0 |a Personalidad   |9 307255 
942 |c BK  |2 ddc 
945 |d 19920630 00:00:00 
952 |0 0  |1 0  |2 ddc  |4 0  |6 155_410000000000000_BOE_1959  |7 0  |8 P  |9 211145  |a BIBEDU  |b BIBEDU  |c BIBEDU_PB  |d 2019-11-15  |i 2793997  |o 155.41 BOE 1959  |p 2793997  |r 2024-01-25  |t 1  |w 2019-11-15  |y BK  |k EDU